Language and woman's place
Spremljeno u:
| Glavni autor: | |
|---|---|
| Format: | Knjiga |
| Jezik: | engleski |
| Izdano: |
Nueva York
Harper Colophon Books
1975
|
| Izdanje: | 1a. ed |
| Serija: | Harper Colophon Books, CN 389
|
| Teme: | |
| Oznake: |
Dodaj oznaku
Bez oznaka, Budi prvi tko označuje ovaj zapis!
|
MARC
| LEADER | 00000nam a2200000 a 4500 | ||
|---|---|---|---|
| 001 | UCH0269 | ||
| 003 | CL-VaPUC | ||
| 008 | 090227e19750000US |||||||||||||||||eng|d | ||
| 020 | |a 060903899 | ||
| 082 | 0 | 4 | |a 306.44 |b LAK |2 21 |
| 100 | |a Lakoff, Robin |e author |9 534456 | ||
| 245 | 1 | 0 | |a Language and woman's place |
| 250 | |a 1a. ed | ||
| 300 | |a 83 p | ||
| 942 | |c BK | ||
| 945 | |d 20090227 00:00:00 |a cmena | ||
| 260 | |a Nueva York |b Harper Colophon Books |c 1975 | ||
| 650 | 0 | |a Sociolingüística |9 263716 | |
| 650 | 0 | |a Mujeres |9 257649 | |
| 650 | 0 | |a Grupos sociales |9 268887 | |
| 583 | |a last modification |c 20130104 11:39:07 |k Rodrigo Vera | ||
| 490 | 0 | |a Harper Colophon Books, CN 389 | |
| 999 | |c 332607 |d 332605 | ||
| 952 | |0 0 |1 0 |4 0 |6 306_440000000000000_LAK_1975 |7 0 |8 A |9 420455 |a FDOPOS |b FDOPOS |d 2019-11-22 |i 4516842 |o 306.44 LAK 1975 |p 4516842 |r 2025-01-22 |w 2019-11-22 |y BK |k MLA | ||